The conservationist
Αποθηκεύτηκε σε:
| Κύριος συγγραφέας: | |
|---|---|
| Μορφή: | Βιβλίο |
| Γλώσσα: | English |
| Δημοσίευση: |
Harmondsworth :
Penguin,
|
| Θέματα: | |
| Ετικέτες: |
Προσθήκη ετικέτας
Δεν υπάρχουν, Καταχωρήστε ετικέτα πρώτοι!
|
MARC
| LEADER | 00000nam a2200000 i 4500 | ||
|---|---|---|---|
| 001 | 1/71885 | ||
| 008 | 961217s1984 eng d | ||
| 020 | |a 0-14-00-4716-6 | ||
| 035 | |l 10002857 | ||
| 040 | |a GR-MY-UA |b gre |e aacr | ||
| 041 | 0 | |a eng | |
| 082 | 0 | |a 823 | |
| 100 | 1 | |a Gordimer, Nadine. | |
| 245 | 1 | 4 | |a The conservationist / |c Nadine Gordimer |
| 260 | |a Harmondsworth : |b Penguin, | ||
| 300 | |a 267 p. | ||
| 650 | 0 | 0 | |a Conservation of natural resources. |
| 650 | 0 | 0 | |a English fiction. |
| 852 | |a INST |b LESVOS |e 19961217 |h 823 GOR |p 005100008755 |q 005100008755 |t BK |y 0 | ||
| 909 | |a Λ |b 02086 | ||